[Event "Maresme op 16th"]
[Site "Maresme"]
[Date "2019.11.09"]
[Round "5"]
[White "Rodoreda Pares, Marc"]
[Black "Palau Pons, Luis"]
[Result "1/2-1/2"]
[WhiteElo "1493"]
[BlackElo "1949"]
[PlyCount "56"]
[EventDate "2019.09.29"]
[EventType "swiss"]
[EventRounds "8"]
[EventCountry "ESP"]
[SourceTitle "CBM 193 Extra"]
[Source "ChessBase"]
[SourceDate "2020.01.31"]
[SourceVersion "1"]
[SourceVersionDate "2020.01.31"]
[SourceQuality "1"]

1. e4 c6 2. d4 d5 3. Nc3 dxe4 4. Nxe4 Nf6 5. Nxf6+ exf6 6. Nf3 Be7 7. Bd3 0-0 8. 0-0 Bg4 9. c3 Re8 10. h3 Bh5 11. Bf4 Bd6 12. Bxd6 Qxd6 13. Re1 Nd7 14. Be2 Nf8 15. Nh4 Bg6 16. Nxg6 hxg6 17. Qb3 Ne6 18. Bf3 Ng5 19. Be2 b6 20. Bc4 Qf4 21. Rad1 b5 22. Rxe8+ Rxe8 23. Bd3 f5 24. Qa3 Ne4 25. Bxe4 fxe4 26. Re1 e3 27. fxe3 Rxe3 28. Rxe3 Qxe3+ 1/2-1/2

[Event "Alella op 5th"]
[Site "Alella"]
[Date "2008.08.21"]
[Round "6"]
[White "Palau Pons, Luis"]
[Black "Fernandez Diaz Mascort, Miguel"]
[Result "1/2-1/2"]
[WhiteElo "1961"]
[BlackElo "2171"]
[PlyCount "52"]
[EventDate "2008.08.16"]
[EventType "swiss"]
[EventRounds "9"]
[EventCountry "ESP"]
[SourceTitle "EXT 2009"]
[Source "ChessBase"]
[SourceDate "2008.11.26"]
[SourceVersion "1"]
[SourceVersionDate "2008.11.26"]
[SourceQuality "1"]

1. b3 e5 2. Bb2 d6 3. e3 Nf6 4. d4 e4 5. c4 Qe7 6. Nc3 c6 7. Nge2 g5 8. Qc2 Bf5 9. h4 gxh4 10. Rxh4 Ng4 11. g3 Bh6 12. Bh3 Bxe3 13. fxe3 Nxe3 14. Qd2 Bxh3 15. Qxe3 Bf5 16. d5 Kd8 17. Qf4 Qd7 18. Nd4 Bg6 19. Qf6+ Qe7 20. Qxh8+ Kc7 21. Nce2 Qg5 22. dxc6 bxc6 23. Qg7 Nd7 24. Qh6 Qc5 25. Nf4 Qa5+ 26. Ke2 e3 1/2-1/2

[Event "Alella op 5th"]
[Site "Alella"]
[Date "2008.08.17"]
[Round "2"]
[White "Palau Pons, Luis"]
[Black "Serentill Tost, Eduard"]
[Result "1-0"]
[WhiteElo "1961"]
[BlackElo "1725"]
[PlyCount "47"]
[EventDate "2008.08.16"]
[EventType "swiss"]
[EventRounds "9"]
[EventCountry "ESP"]
[SourceTitle "EXT 2009"]
[Source "ChessBase"]
[SourceDate "2008.11.26"]
[SourceVersion "1"]
[SourceVersionDate "2008.11.26"]
[SourceQuality "1"]

1. b3 e5 2. Bb2 Nc6 3. e3 Nge7 4. Bb5 d5 5. Bxe5 a6 6. Bxc6+ Nxc6 7. Bb2 Bf5 8. Nf3 Qd7 9. d3 0-0-0 10. Nbd2 f6 11. a3 Bc5 12. b4 Be7 13. Nd4 Nxd4 14. Bxd4 h5 15. h3 g5 16. Nb3 h4 17. Nc5 Bxc5 18. bxc5 Qe6 19. Qd2 Rh7 20. Qc3 Rf8 21. Rb1 g4 22. Qb4 Qc6 23. hxg4 Bxg4 24. Bxf6 1-0

[Event "Catalunya-ch"]
[Site "Barcelona"]
[Date "2007.04.06"]
[Round "6"]
[White "Arroyo Pascual, Artur"]
[Black "Palau Pons, Luis"]
[Result "0-1"]
[WhiteElo "1881"]
[BlackElo "1984"]
[PlyCount "66"]
[EventDate "2007.04.01"]
[EventType "swiss"]
[EventRounds "9"]
[EventCountry "ESP"]
[SourceTitle "CBM 117 Extra"]
[Source "ChessBase"]
[SourceDate "2007.05.09"]
[SourceVersion "1"]
[SourceVersionDate "2007.05.09"]
[SourceQuality "1"]

1. d4 d5 2. e3 c6 3. Bd3 Nf6 4. Nd2 Nbd7 5. f4 c5 6. c3 cxd4 7. cxd4 Nb6 8. Ngf3 g6 9. 0-0 Bg7 10. Ne5 e6 11. b3 0-0 12. g4 Nfd7 13. Ndf3 Nxe5 14. Nxe5 f6 15. Nxg6 hxg6 16. Bxg6 Bh6 17. g5 fxg5 18. Qh5 Kg7 19. Ba3 Rf6 20. Be8 Bd7 21. Bxd7 Nxd7 22. Qg4 Rf5 23. h4 Nf6 24. Qg2 g4 25. Rf3 Kh7 26. Rg3 Rc8 27. Qb2 Bf8 28. Rc1 Bxa3 29. Rxc8 Qxc8 30. Qxa3 Kh6 31. Kh2 Rh5 32. Rg1 Rxh4+ 33. Kg2 Qc2+ 0-1

[Event "Catalunya-ch"]
[Site "Barcelona"]
[Date "2007.04.05"]
[Round "5"]
[White "Palau Pons, Luis"]
[Black "Gonzalez Garcia, Sergi"]
[Result "1/2-1/2"]
[WhiteElo "1984"]
[BlackElo "1874"]
[PlyCount "59"]
[EventDate "2007.04.01"]
[EventType "swiss"]
[EventRounds "9"]
[EventCountry "ESP"]
[SourceTitle "CBM 117 Extra"]
[Source "ChessBase"]
[SourceDate "2007.05.09"]
[SourceVersion "1"]
[SourceVersionDate "2007.05.09"]
[SourceQuality "1"]

1. b3 e5 2. Bb2 Nc6 3. e3 d6 4. Bb5 Bd7 5. Nc3 Nf6 6. Nge2 a6 7. Bxc6 Bxc6 8. 0-0 Be7 9. d4 exd4 10. Qxd4 0-0 11. Nf4 Qd7 12. Ncd5 Bxd5 13. Nxd5 Ne8 14. Nxe7+ Qxe7 15. Rad1 Nf6 16. Qf4 Qe4 17. Qg5 Qg6 18. Bxf6 gxf6 19. Qh4 Rfe8 20. Qc4 Rac8 21. Rd4 f5 22. Qd5 b6 23. Rfd1 a5 24. Rf4 Re5 25. Qb7 Qe6 26. c4 Re4 27. Qd5 Rxf4 28. exf4 Re8 29. Qd2 Qe2 30. h3 1/2-1/2